000 01804 a2200217 4500
001 255
005 20260407155417.0
008 260407a2007 arg spa d
003 AR-UNSa-BCEJYS
040 _aAR-UNSa-BCEJYS
_bspa
_cAR-UNSa-BCEJYS
080 _a330.101.541
_xMacroeconomía
245 1 0 _aMacroeconomía
_pteoría y políticas
020 _a978-970-26-0939-1
264 1 _aMéxico :
_bPearson Educación
_c2007
300 _axx, 769 p.
_c27 cm
505 _a1. Introducción - 2. Los datos - 3. Consumo - 4. Inversión - 5. El gobierno y la politica fiscal - 6. La economía cerrada - 7. Economía abierta:La cuenta corriente - 8. Economía abierta:El tipo de cambio real - 9. Más sobre tipo de cambio real y cuenta corriente - 10. Introducción al crecimiento económico - 11. El modelo neoclásico de crecimiento - 12. Modelos de crecimiento: Extensiones - 13. Evidencia empírica - 14. Crecimiento económico con ahorro óptimo - 15. Teoría cuantitativa, neutralidad y demanda por dinero - 16. Oferta de dinero, política monetaria e inflación - 17. Política monetaria y mercado financieros - 18. Introducción a la fluctuaciones de corto plazo - 19. El modelo Keynesiano de economía cerrada:IS-LM - 20. El modelo Mundell- Fleming: IS-LM en economías abiertas - 21. La oferta agregada y la curva de Philips - 22. Oferta, demanda agregada y políticas macroeconómicas - 23.Fluctuaciones en modelos del ciclo económico real - 24. Los mercados del trabajo y del crédito en el ciclo económico - 25. Inconsistencia intertemporal y política monetaria.
942 _cBK
590 _aniveau_biblio:m niveau_hierar:0
100 1 _aGregorio Rebeco, José Fernando de
856 4 1 _uhttps://biblioeco.unsa.edu.ar/pmb/images/libros/Macroeconomia2-l117696.jpg
_yImagen de portada
_qimage/jpeg
999 _c169
_d169